Every Song by Harvey Danger - Statistics

General Stats
  • This quiz has been taken 4 times
    2 since last reset
  • The average score is 4 of 47
Answer Stats
Album Song % Correct
Where Have All the Merrymakers Gone?(1997) Flagpole Sitta
100%
Harvey Danger(1996) Carjack Fever
50%
Harvey Danger(1994) Heroine With An E
50%
Little by Little...(2005) I Missed It
50%
Where Have All the Merrymakers Gone?(1997) Private Helicopter
50%
Where Have All the Merrymakers Gone?(1997) Terminal Annex
50%
King James Version(2000) (Theme from) Carjack Fever
50%
King James Version(2000) Authenticity
0%
Where Have All the Merrymakers Gone?(1997) Carlotta Valdez
0%
Little by Little...(2005) Cold Snap
0%
Little by Little...(2005) Cool James
0%
Little by Little...(2005) Cream and Bastards Reprise
0%
Little by Little...(2005) Cream and Bastards Rise
0%
Little by Little...(2005) Diminishing Returns
0%
Harvey Danger(1994) Dining Car
0%
Little by Little...(2005) Elvis, I Don't Love You Anymore
0%
Little by Little...(2005) Happiness Writes White
0%
King James Version(2000) Humility on Parade
0%
Harvey Danger(1994) Ignore Me
0%
Little by Little...(2005) Incommunicado
0%
Where Have All the Merrymakers Gone?(1997) Jack the Lion
0%
Little by Little...(2005) Little Round Mirrors
0%
Harvey Danger(1994) Love Bug
0%
King James Version(2000) Loyalty Bldg.
0%
King James Version(2000) Meetings with Remarkable Men (Show Me the Hero)
0%
Little by Little...(2005) Moral Centralia
0%
Where Have All the Merrymakers Gone?(1997) Old Hat
0%
Little by Little...(2005) Picture, Picture
0%
King James Version(2000) Pike St./Park Slope
0%
Sometimes You Have to Work on Christmas (Sometimes)(2004) Plague of Locusts
0%
Where Have All the Merrymakers Gone?(1997) Problems and Bigger Ones
0%
Where Have All the Merrymakers Gone?(1997) Radio Silence
0%
King James Version(2000) Sad Sweetheart of the Rodeo
0%
Harvey Danger(1994) Scar Tissue
0%
Sometimes You Have to Work on Christmas (Sometimes)(2004) Sometimes You Have to Work on Christmas (Sometimes)
0%
Little by Little...(2005) The Piano Lesson
0%
King James Version(2000) The Same as Being in Love
0%
Non-Album(2009) The Show Must Not Go On
0%
King James Version(2000) (This Is) The Thrilling Conversation You've Been Waiting For
0%
King James Version(2000) Underground
0%
Little by Little...(2005) War Buddies
0%
Little by Little...(2005) What You Live By
0%
King James Version(2000) Why I'm Lonely
0%
Little by Little...(2005) Wine, Women, and Song
0%
Where Have All the Merrymakers Gone?(1997) Woolly Muffler
0%
Where Have All the Merrymakers Gone?(1997) Wrecking Ball
0%
King James Version(2000) You Miss the Point Completely I Get the Point Exactly
0%
No matching quizzes found
Score Distribution
Percent of People with Each Score
Percentile by Number Answered
Your Score History
You have not taken this quiz since the last reset